US States & Capitals - Two Minute Speed Run - Statistics

General Stats
  • This quiz has been taken 3,515 times
  • The average score is 45 of 101
Answer Stats
# State % Correct
31 California
78%
49 Alaska
71%
48 Arizona
69%
27 Florida
69%
Sacramento
68%
22 Alabama
67%
28 Texas
67%
42 Washington
67%
4 Georgia
66%
11 New York
66%
43 Idaho
64%
50 Hawaii
62%
38 Colorado
61%
33 Oregon
61%
25 Arkansas
60%
23 Maine
59%
41 Montana
58%
45 Utah
56%
Austin
55%
19 Indiana
55%
29 Iowa
55%
Juneau
55%
34 Kansas
55%
21 Illinois
54%
36 Nevada
54%
Phoenix
54%
Atlanta
52%
Denver
52%
47 New Mexico
52%
17 Ohio
52%
1 Delaware
51%
Albany
50%
26 Michigan
50%
20 Mississippi
50%
39 North Dakota
50%
Salem
50%
Honolulu
49%
6 Massachusetts
49%
Olympia
49%
32 Minnesota
48%
37 Nebraska
48%
40 South Dakota
48%
18 Louisiana
47%
3 New Jersey
47%
46 Oklahoma
47%
Tallahassee
47%
Boise
46%
7 Maryland
46%
Montgomery
46%
5 Connecticut
45%
24 Missouri
45%
9 New Hampshire
44%
14 Vermont
44%
15 Kentucky
43%
10 Virginia
43%
30 Wisconsin
43%
Boston
42%
Helena
42%
12 North Carolina
42%
16 Tennessee
42%
44 Wyoming
42%
Augusta
40%
Dover
40%
Carson City
39%
Little Rock
39%
8 South Carolina
39%
Salt Lake City
38%
Lansing
37%
Santa Fe
37%
Springfield
37%
2 Pennsylvania
36%
Des Moines
35%
Jackson
35%
13 Rhode Island
35%
Baton Rouge
34%
Bismarck
34%
Pierre
34%
Topeka
34%
Columbus
33%
Trenton
33%
Hartford
32%
Indianapolis
32%
Lincoln
32%
35 West Virginia
31%
Annapolis
30%
Concord
30%
Madison
30%
St. Paul
30%
Cheyenne
29%
Frankfort
28%
Jefferson City
28%
Nashville
28%
Oklahoma City
28%
Columbia
25%
Raleigh
25%
Harrisburg
24%
Montpelier
24%
Richmond
24%
Providence
23%
Charleston
20%
Capital District of Columbia
10%
No matching quizzes found
Score Distribution
Percent of People with Each Score
Percentile by Number Answered
Your Score History
You have not taken this quiz